Score 0/26 Timer 02:00
0 Plays Today
Clue Answer % Correct
Roly-____POLY
90.1%
Small horsePONY
90.1%
Fall on a wet floorSLIP
89.8%
★ Broadway awardTONY
89.3%
____ on the wristSLAP
81.5%
Fireman's alternative to stairsPOLE
79.9%
Phone soundTONE
78.5%
FedEx-edSENT
78.1%
Short excerpt from a movieCLIP
77.9%
Ulna or radius e.g.BONE
77.9%
CrookedBENT
75.5%
Stadium unitSEAT
74.5%
Part of a Venetian blindSLAT
71.8%
Clue Answer % Correct
It means 'well' in ItalianBENE
67.3%
'Woe __ __!'IS ME
65.5%
★ Television award (in Primetime or Daytime)EMMY
64.2%
Garfield's frequent victimODIE
61.8%
Norse god of war and father of ThorODIN
51%
Man, Skye or WightISLE
42.1%
Hercules' love for this woman led to his deathIOLE
34.7%
Notable plus-size supermodelEMME
29.9%
★ Advertising and design awardCLIO
29.2%
J.D. Salinger story 'For ____ – with Love and Squalor'ESMÉ
29.1%
Actress Lena from 'Chocolat'OLIN
27.4%
★ Off-Broadway awardOBIE
24.5%
HodgepodgeOLIO
22.8%

Today's Daily Dose

Remove Ads.
Support Sporcle.
Get the best of Sporcle when you Go Orange. This ad-free experience offers more features, more stats, and more fun while also helping to support Sporcle. Thank you for becoming a member.

You're not logged in!

Compare scores with friends on all Sporcle quizzes.
OR
Log In

Show Comments

Extras

Top Quizzes Today


Score Distribution

Your Account Isn't Verified!

In order to create a playlist on Sporcle, you need to verify the email address you used during registration. Go to your Sporcle Settings to finish the process.

Report this User

Report this user for behavior that violates our Community Guidelines.

Details: